00374nam a2200133Ia 4500008004100000020001400041040002900055050002700084100002600111245003700137260004400174942000700218999001500225221222s9999||||xx |||||||||||||| ||und|| a198775768 cChuka University Library a BSL HF 5415bB56 2000 aKeith,Blois(ed)93130 4aThe oxford textbook of marketing aOxford university pressbNew yorkc2000 cBK c4450d4450